Interná kontrola bakalárska práca

Na minha lista:
Detalhes bibliográficos
Autor principal: Čisovský, Dávid
Autor Corporativo: Fakulta podnikového manažmentu EU. Katedra manažmentu
Outros Autores: Paprskárová, Paulína
Formato: Livro
Idioma:eslovaco
Publicado em: Bratislava 2019
Tags: Adicionar Tag
Sem tags, seja o primeiro a adicionar uma tag!

MARC

LEADER 00000nbm a2200000 4500
001 0257828
005 20191118130816.7
041 0 |a slo 
044 |a SK 
245 1 0 |a Interná kontrola  |b bakalárska práca  |c Dávid Čisovský ; školiteľ: Paulína Paprskárová 
264 1 |a Bratislava  |c 2019 
300 |a 43 s. 
100 1 |a Čisovský, Dávid 
700 1 |a Paprskárová, Paulína 
710 2 |a Fakulta podnikového manažmentu EU. Katedra manažmentu